000 00284nam a22001337a 4500
008 170228b xxu||||| |||| 00| 0 eng d
020 _a9781901865240
041 _aeng
080 _a61
100 _a4
101 _aSHM
245 _aERESTILE DYSFUNCTION
_cKIRBY, R
942 _2udc
_cBK
999 _c6410
_d6410